Octavo Seminario Nacional de Demografía /

Salvato in:
Dettagli Bibliografici
Enti autori: Asociación Demográfica Costarricense, Costa Rica. Ministerio de Economía, Industria y Comercio. Dirección General de Estadística y Censos UCR. FCE. Escuela de Estadística UNA. Instituto de Estudios Sociales en Población
Natura: testo
Pubblicazione: San José: DGEC. Sección de Publicaciones
Soggetti:
Tags: Aggiungi Tag
Nessun Tag, puoi essere il primo ad aggiungerne!!

MARC

LEADER 00000 a a2200000 04500
001 34023
003
040
090 |a 026603  
110 |a Asociación Demográfica Costarricense  
245 |a Octavo Seminario Nacional de Demografía /  |c Asociación Demográfica Costarricense  
260 |a San José:   |b DGEC. Sección de Publicaciones  
300 |a 249 p.  
650 |a TRABAJO  
650 |a MUJERES  
650 |a OCUPACIONES  
650 |a TRABAJO DOMESTICO  
710 |a Costa Rica. Ministerio de Economía, Industria y Comercio. Dirección General de Estadística y Censos   |a UCR. FCE. Escuela de Estadística   |a UNA. Instituto de Estudios Sociales en Población  
999 |c 14073  |d 14073